Walking with the giants : (Record no. 5289)
[ view plain ]
| 000 -LEADER | |
|---|---|
| fixed length control field | 02253cam a2200373 i 4500 |
| 001 - CONTROL NUMBER | |
| control field | 2986222 |
| 003 - CONTROL NUMBER IDENTIFIER | |
| control field | OCoLC |
| 005 - DATE AND TIME OF LATEST TRANSACTION | |
| control field | 20190102180409.0 |
| 008 - FIXED-LENGTH DATA ELEMENTS--GENERAL INFORMATION | |
| fixed length control field | 770127s1976 miuc b 001 0ceng |
| 010 ## - LIBRARY OF CONGRESS CONTROL NUMBER | |
| LC control number | 76022989 |
| 020 ## - INTERNATIONAL STANDARD BOOK NUMBER | |
| International Standard Book Number | 0801095786 : |
| Terms of availability | $7.95 |
| 020 ## - INTERNATIONAL STANDARD BOOK NUMBER | |
| International Standard Book Number | 9780801095788 |
| 035 ## - SYSTEM CONTROL NUMBER | |
| System control number | (OCoLC)2986222 |
| Canceled/invalid control number | (OCoLC)59250592 |
| 040 ## - CATALOGING SOURCE | |
| Original cataloging agency | DLC |
| Language of cataloging | eng |
| Transcribing agency | DLC |
| Modifying agency | OCL |
| -- | BAKER |
| -- | AU@ |
| -- | OCLCQ |
| -- | YDXCP |
| -- | TDT |
| -- | OCLCF |
| -- | OCLCQ |
| -- | CIRBC |
| 050 00 - LIBRARY OF CONGRESS CALL NUMBER | |
| Classification number | BR1700.2 |
| Item number | .W49 |
| 082 0# - DEWEY DECIMAL CLASSIFICATION NUMBER | |
| Classification number | 280 |
| -- | B |
| Item number | W648W |
| 092 0# - LOCALLY ASSIGNED DEWEY CALL NUMBER (OCLC) | |
| Classification number | 280.0922 |
| Item number | W648w |
| 100 1# - MAIN ENTRY--PERSONAL NAME | |
| Personal name | Wiersbe, Warren W. |
| 245 10 - TITLE STATEMENT | |
| Title | Walking with the giants : |
| Remainder of title | a minister's guide to good reading and great preaching / |
| Statement of responsibility, etc. | Warren Wiersbe. |
| 260 ## - PUBLICATION, DISTRIBUTION, ETC. | |
| Place of publication, distribution, etc. | Grand Rapids : |
| Name of publisher, distributor, etc. | Baker Book House, |
| Date of publication, distribution, etc. | ©1976. |
| 300 ## - PHYSICAL DESCRIPTION | |
| Extent | 289 pages : |
| Other physical details | portraits ; |
| Dimensions | 24 cm |
| 336 ## - CONTENT TYPE | |
| Content type term | text |
| Content type code | txt |
| Source | rdacontent |
| 337 ## - MEDIA TYPE | |
| Media type term | unmediated |
| Media type code | n |
| Source | rdamedia |
| 338 ## - CARRIER TYPE | |
| Carrier type term | volume |
| Carrier type code | nc |
| Source | rdacarrier |
| 504 ## - BIBLIOGRAPHY, ETC. NOTE | |
| Bibliography, etc. note | Includes bibliographical references and index. |
| 505 0# - FORMATTED CONTENTS NOTE | |
| Formatted contents note | pt. 1. Great preacher-authors. Samuel Rutherford (1600-1661) -- F.W. Robertson (1816-1853) -- Alexander Maclaren (1826-1910) -- R.W. Dale (1829-1895) -- Joseph Parker (1830-1902) -- J. Hudson Taylor (1832-1905) -- Charles H. Spurgeon (1834-1892) -- Phillips Brooks (1835-1893) -- Alexander Whyte (1836-1921) -- W. Robertson Nicoll (1851-1923) -- Charles E. Jefferson (1860-1937) -- A.C. Gaebelein (1861-1945) and B.H. Carroll (1843-1914) -- G. Campbell Morgan (1863-1945) -- J.D. Jones (1865-1942) -- George H. Morrison (1866-1928) -- Frank W. Boreham (1871?-1959) -- A.W. Tozer (1897-1963) -- W.E. Sangster (1900-1960) -- pt. 2. Classic books on the ministry. The primacy of preaching -- Preaching on the apostles -- Humor in the pulpit -- The Yale lectures -- Histories of preaching -- Books of sermons -- Christian classics -- Dictionaries -- Bible concordances -- Books about the ministry -- The minister and discouragement -- The minister as comforter -- The minister and prayer. |
| 650 #0 - SUBJECT ADDED ENTRY--TOPICAL TERM | |
| Topical term or geographic name entry element | Clergy |
| Form subdivision | Biography. |
| 650 #0 - SUBJECT ADDED ENTRY--TOPICAL TERM | |
| Topical term or geographic name entry element | Preaching |
| General subdivision | History |
| Form subdivision | Bibliography. |
| 650 #0 - SUBJECT ADDED ENTRY--TOPICAL TERM | |
| Topical term or geographic name entry element | Pastoral theology |
| Form subdivision | Bibliography. |
| 655 #7 - INDEX TERM--GENRE/FORM | |
| Genre/form data or focus term | Bibliography. |
| Source of term | fast |
| Authority record control number or standard number | (OCoLC)fst01423717 |
| 655 #7 - INDEX TERM--GENRE/FORM | |
| Genre/form data or focus term | Biography. |
| Source of term | fast |
| Authority record control number or standard number | (OCoLC)fst01423686 |
| 655 #7 - INDEX TERM--GENRE/FORM | |
| Genre/form data or focus term | History. |
| Source of term | fast |
| Authority record control number or standard number | (OCoLC)fst01411628 |
| 942 ## - ADDED ENTRY ELEMENTS (KOHA) | |
| Source of classification or shelving scheme | Dewey Decimal Classification |
| Koha item type | Books |
| Withdrawn status | Lost status | Source of classification or shelving scheme | Damaged status | Not for loan | Collection code | Home library | Current library | Shelving location | Date acquired | Cost, normal purchase price | Total Checkouts | Full call number | Barcode | Date last seen | Price effective from | Koha item type |
|---|---|---|---|---|---|---|---|---|---|---|---|---|---|---|---|---|
| Dewey Decimal Classification | Non-fiction | Harvest Mission College | Harvest Mission College | General Stacks | 02.01.2019 | 500.00 | 280 W648W | 006034 | 02.01.2019 | 02.01.2019 | Books |
